000 nam a22 7a 4500
999 _c7208
_d7208
008 170729b xxu||||| |||| 00| 0 eng d
100 _93784
_aStella.O
245 _aEncyclopedia of Space
260 _aNew Delhi
_bAnmol Pub
_c2006